| 000 | 00897cam a2200265 4500 | ||
|---|---|---|---|
| 999 |
_c129461 _d129461 |
||
| 001 | 4533766 | ||
| 003 | ARRUPE | ||
| 005 | 20190426143856.0 | ||
| 008 | 701231s1970 nyuac b 001 0 eng | ||
| 010 | _a 66024262 | ||
| 020 | _a080140486X | ||
| 040 |
_aDLC _cDLC _dDLC |
||
| 043 |
_ae------ _aff----- _aaw----- |
||
| 050 | 0 | 0 |
_aPA6083 _b.C3 |
| 082 | 0 | 0 | _a808.51/09/01 |
| 100 | 1 |
_aCaplan, Harry, _d1896-1980. _945986 |
|
| 245 | 1 | 0 |
_aOf eloquence; _bstudies in ancient and mediaeval rhetoric. _cEdited and with an introd. by Anne King and Helen North. |
| 260 |
_aIthaca, [N.Y.] _bCornell University Press _c[1970] |
||
| 300 |
_axiii, 289 p. _billus., port. _c23 cm. |
||
| 350 | _a$8.50 | ||
| 504 | _aBibliography: p. 271-276. | ||
| 650 | 0 |
_aRhetoric, Ancient. _919852 |
|
| 650 | 0 |
_aRhetoric, Medieval. _945987 |
|
| 700 |
_aKing, Anne _eed. _946041 |
||
| 700 |
_aNorth, Helen _eed. _946042 |
||
| 906 |
_a7 _bcbc _corignew _d2 _encip _f19 _gy-gencatlg |
||
| 942 |
_2lcc _cMONOGRAPH |
||